| 000 | 00944nam a2200313Ia 4500 | ||
|---|---|---|---|
| 001 | Z_6243 | ||
| 003 | CHAP | ||
| 008 | 220113s2008 xx 000 0 und d | ||
| 010 | _a169497 | ||
| 040 | _cCHAP | ||
| 082 | _a636.4083 A28 | ||
| 245 |
_aActualidades de bioseguridad en la industria porcina / _cCoordinadores Antonio Morilla González y Jorge López Morales |
||
| 260 |
_aMéxico : _bEdiciones Pecuarias, _c2008 |
||
| 300 | _a161 p. | ||
| 504 | _aIncluye bibliografías | ||
| 650 |
_aBioseguridad del ganado _9144279 |
||
| 650 |
_aCerdos _xCría _xPrevención _9144280 |
||
| 650 |
_aGanado porcino _xProducción _945399 |
||
| 650 |
_aLivestock biosecurity _9144281 |
||
| 650 |
_aSanidad animal _9102221 |
||
| 700 |
_a López Morales, Jorge, coord. _9144282 |
||
| 700 |
_aMorilla González, Antonio, coord. _9144283 |
||
| 901 | _a636.4083 A28 | ||
| 902 | _aA | ||
| 910 | _a2008 | ||
| 942 | _c1 | ||
| 942 | _cc1 | ||
| 999 |
_c169497 _d169497 |
||